Personal Opinions of Adolescents with Diagnosed Dyslexia Regarding Their Difficulties in Writing Essays, Learning Grammar and Syntax/Dissertatin Submitted to the University of Derby in Partial Fulfillment of the Requirements for th Degree of Master Arts in Education (Record no. 8410)
[ view plain ]
| 000 -LEADER | |
|---|---|
| fixed length control field | 01435cam a22001934a 4500 |
| 005 - ΗΜΕΡΟΜΗΝΙΑ ΚΑΙ ΩΡΑ ΤΕΛΕΥΤΑΙΑΣ ΕΝΗΜΕΡΩΣΗΣ | |
| Πεδίο ελέγχου | 20250605164335.0 |
| 008 - FIXED-LENGTH DATA ELEMENTS--GENERAL INFORMATION | |
| Πεδίο ελέγχου σταθερού μήκους | 250528s ||||||||||||||||||||||||d |
| 035 ## - SYSTEM CONTROL NUMBER | |
| System control number | 23387 |
| 040 ## - ΠΗΓΗ ΚΑΤΑΛΟΓΟΓΡΑΦΗΣΗΣ | |
| Φορέας πρωτότυπης καταλογογράφησης | MC Athens Campus Library |
| Γλώσσα καταλογογράφησης | Ελληνικά, Μοντέρνα (1453-) |
| Modifying agency | MC Athens Campus Library |
| Κανόνες περιγραφικής καταλογογράφησης | AACR2 |
| 245 1# - ΤΙΤΛΟΣ ΚΑΙ ΔΗΛΩΣΗ ΥΠΕΥΘΥΝΟΤΗΤΑΣ | |
| Τίτλος | Personal Opinions of Adolescents with Diagnosed Dyslexia Regarding Their Difficulties in Writing Essays, Learning Grammar and Syntax/Dissertatin Submitted to the University of Derby in Partial Fulfillment of the Requirements for th Degree of Master Arts in Education |
| 260 ## - PUBLICATION, DISTRIBUTION, ETC. | |
| Date of publication, distribution, etc. | 2018 |
| 300 ## - PHYSICAL DESCRIPTION | |
| Extent | 80 |
| 520 ## - SUMMARY, ETC. | |
| Summary, etc. | Introduction, Literature Review, Definitions of Learning Disabilities, Historical Review of Term ''Dyslexia'', Definitions, The Dyslectic Brain, The Kinds of Dyslexia, Causes of Dyslexia, The Symptomatology, Secondary Education and Dyslexia, Diagnosis, Educational Strategies and Dyslexia, Computer and a Main Tool in Classroom, Roles of Special Educators, The Appropriate Environment, Ancient Greek Language, Dyslexia and Socialization, Method, Procedure, Sampling and Selection, Data Collection, Findings, Difficulty in Spelling, Difficulty to Describe Pictures, Feelings that Arising During the Exercises, Discussion, Understanding the Findings in Relation to the Research Questions, Recommendations, Conclusion, References, Appendices. |
| 700 1# - ΠΡΟΣΘΕΤΗ ΑΝΑΓΡΑΦΗ--ΦΥΣΙΚΟ ΠΡΟΣΩΠΟ | |
| Personal name | Charitou Sofia |
| 9 (RLIN) | 8945 |
| 700 1# - ΠΡΟΣΘΕΤΗ ΑΝΑΓΡΑΦΗ--ΦΥΣΙΚΟ ΠΡΟΣΩΠΟ | |
| Personal name | Papadopoulou Aikaterini |
| 9 (RLIN) | 8947 |
| 942 ## - ADDED ENTRY ELEMENTS (KOHA) | |
| Koha item type | Διπλωματική εργασία |
| Τύπος τεκμηρίου | Βιβλιοθήκη | Τρέχουσα τοποθεσία | Barcode | Ημερομηνία απόκτησης | Ταξιθετικό σύμβολο | Αριθμός αντιτύπου | Κατάσταση απόσυρσης | Κατάσταση χαμένου | Κατάσταση κατεστραμμένου | Μη δανεισμός | Σύνολο δανεισμών | Ημερομηνία τελευταίας εμφάνισης | Η τιμή ισχύει από |
|---|---|---|---|---|---|---|---|---|---|---|---|---|---|
| Διπλωματική εργασία | MC Athens Campus Library | MC Athens Campus Library | 9780000084095 | 05/06/2025 | EDU 2018 (12) | 1 | 05/06/2025 | 05/06/2025 |